Vigor, pasión y sutileza de Marta Brunet / (Record no. 174441)

MARC details
000 -LEADER
campo de control de longitud fija 01089nam a2200241 4500
001 - NÚMERO DE CONTROL
campo de control 174441
003 - IDENTIFICADOR DE NÚMERO DE CONTROL
campo de control ES-MaACL
005 - FECHA Y HORA DE LA ÚLTIMA TRANSACCIÓN
campo de control 20230906215529.0
008 - DATOS DE LONGITUD FIJA--INFORMACIÓN GENERAL
campo de control de longitud fija 100422s1996 sp |||| | spa d
100 1# - ENTRADA PRINCIPAL--NOMBRE DE PERSONA
Nombre de persona Molina, Paz.
9 (RLIN) 142548
245 10 - MENCIÓN DEL TÍTULO
Título Vigor, pasión y sutileza de Marta Brunet /
Mención de responsabilidad, etc. Paz Molina .
Resto del título Dos narradoras chilenas : María Isabel Amor Illanes y Eugenia Prado Bassi / Fernando Sánchez Durán.
246 3# - FORMA VARIANTE DEL TITULO
Título propio/Titulo breve Dos narradoras chilenas :
Resto del título María Isabel Amor Illanes y Eugenia Prado Bassi
260 ## - PUBLICACIÓN, DISTRIBUCIÓN, ETC.
Lugar de publicación, distribución, etc. [Santiago de Chile] :
Nombre del editor, distribuidor, etc. Ateneo,
Fecha de publicación, distribución, etc. 1996.
300 ## - DESCRIPCIÓN FÍSICA
Extensión 47 p. ;
Dimensiones 18 cm.
594 ## - Nota al título y mención de responsabilidad
Nota al título y mención de responsabilidad En port.: Ateneo de Santiago, 7ª Jornada General 1996.
600 14 - PUNTO DE ACCESO ADICIONAL DE MATERIA--NOMBRE DE PERSONA
Nombre de persona Brunet, Marta-
Subdivisión general Crítica e interpretación.
9 (RLIN) 32166
600 14 - PUNTO DE ACCESO ADICIONAL DE MATERIA--NOMBRE DE PERSONA
Nombre de persona Amor Illanes, María Isabel-
Subdivisión general Crítica e interpretación.
9 (RLIN) 142549
600 14 - PUNTO DE ACCESO ADICIONAL DE MATERIA--NOMBRE DE PERSONA
Nombre de persona Prado Bassi, Eugenia-
Subdivisión general Crítica e interpretación.
9 (RLIN) 142550
610 24 - PUNTO DE ACCESO ADICIONAL DE MATERIA--NOMBRE DE ENTIDAD CORPORATIVA
Nombre de entidad corporativa o nombre de jurisdicción como elemento de entrada Ateneo de Santiago de Chile-
Subdivisión de forma Congresos y asambleas.
9 (RLIN) 142612
700 1# - ENTRADA AGREGADA--NOMBRE PERSONAL
Nombre de persona Sánchez Durán, Fernando.
9 (RLIN) 102620
710 2# - ENTRADA AGREGADA--NOMBRE DE ENTIDAD CORPORATIVA
Nombre de entidad corporativa o nombre de jurisdicción como elemento de entrada Ateneo de Santiago de Chile.
9 (RLIN) 2026
852 4# - LOCALIZACIÓN
Ubicación ES-MaACL
Número de control de estantería 2256-F-24
Holdings
Estatus retirado Estado de pérdida Estado de daño No para préstamo Colección Biblioteca de origen Biblioteca actual Ubicación en estantería Fecha de adquisición Fuente de adquisición Total de préstamos Signatura topográfica completa Código de barras Visto por última vez Precio de reemplazo Tipo de ítem Koha
        Colección de folletos Biblioteca del Ateneo de Madrid Biblioteca del Ateneo de Madrid Depósito folletos 22/04/2010     2256-F-24 1183097 23/02/2023 23/02/2023 Folleto